| 000 | 00479nam a22001697a 4500 | ||
|---|---|---|---|
| 005 | 20240215154501.0 | ||
| 010 | _aENG-139255 | ||
| 020 |
_a9789395116404 _c425.00 |
||
| 035 | _aEN-122787 | ||
| 037 | _bDBAD/PUB | ||
| 082 | _a000 | ||
| 245 | _aAll India Bar Examination / | ||
| 260 |
_aharyana _bLExis Nexis _c2021 |
||
| 270 |
_a14 floor ,building no.10,tower-BDLF cyber city Phase II _bGurgaon |
||
| 300 |
_a315 p. _c24cm(pbk) |
||
| 942 |
_2ddc _cEN _h000 _mIND |
||
| 999 |
_c200815 _d200815 |
||